The third Afghan war 1919 official account. (Record no. 552810)

000 -LEADER
fixed length control field 00445cam a2200145 a 4500
082 00 - DEWEY DECIMAL CLASSIFICATION NUMBER
Classification number 958.104
Author Mark THI
110 ## - MAIN ENTRY--CORPORATE NAME
Corporate name or jurisdiction name as entry element Army HQ India
9 (RLIN) 50059
245 14 - TITLE STATEMENT
Title The third Afghan war 1919 official account.
Statement of responsibility, etc. Army HQ India
260 ## - PUBLICATION, DISTRIBUTION, ETC.
Place of publication, distribution, etc. India. :
Name of publisher, distributor, etc. HQ,
Date of publication, distribution, etc. 1926.
300 ## - PHYSICAL DESCRIPTION
Extent xv, 174 p.:. :
Other physical details maps ;
Dimensions 25 cm.
526 ## - STUDY PROGRAM INFORMATION NOTE
Program name 0
Interest level 0
Reading level 0
Title point value 958_104000000000000_THI
650 #0 - SUBJECT ADDED ENTRY--TOPICAL TERM
Topical term or geographic name entry element Strategic culture
Geographic subdivision Afghanistan.
9 (RLIN) 2009
650 #0 - SUBJECT ADDED ENTRY--TOPICAL TERM
Geographic subdivision Afghanistan.
9 (RLIN) 50060
942 ## - ADDED ENTRY ELEMENTS (KOHA)
Source of classification or shelving scheme
Koha item type Book
Holdings
Withdrawn status Lost status Source of classification or shelving scheme Damaged status Not for loan Permanent Location Current Location Shelving location Date acquired Total Checkouts Full call number Barcode Date last seen Price effective from Koha item type
          Military College of Engineering (MCE) Military College of Engineering (MCE)   01/22/2015   958.104 THI MCE-ECT/6.9 01/22/2015 01/22/2015 Book
© 2023 Central Library, National University of Sciences and Technology. All Rights Reserved.